000 00345nam a2200145Ia 4500
005 20241122224634.0
008 241122s9999||||xx |||||||||||||| ||und||
041 _aEnglish
082 _a658.45
_bPEN
100 _aPenrose, John M.
245 0 _aBusiness communication for managers
260 _bCengage
_c2004
300 _ax,470p.
942 _cBK
999 _c8901
_d8901